000 00624nam a2200205Ia 4500
005 20241216011313.0
008 190429s9999||||xx |||||||||||||| ||und||
082 _a551
_bM77
100 _aMONTEROLA SALVATIERRA MAXIMO PEDRO
245 0 _aINTERPRETACION GEOLOGICO DE LA MINA CALENDARIA HUANCAVELICA
250 _a0
260 _aCERRO DE PASCO-PERU
_bUNDAC
_c1999
300 _a76 pag.
_c30 cm.
341 _h0
490 _v0
_a0
505 _aFISIOGRAFIA/GEOLOGIA/ECONOMICA/MINERIA/RESERVAS/CUBICACION
541 _aD
_bMONTEROLA SALVATIERRA, MA
_d18-Mar-03
_oSoles
650 _aIngenieria Geologica
942 _cTESIS
999 _c38195
_d38195